000 00953nmm a2200289 a 4500
001 ocm0001256805
003 TR-IsHL
005 20201028160436.0
008 150709s2015 tu eng
007 cr cn
020 _a9786059285438
035 _a1256805
_b(N$T)
050 0 4 _aPZ8.F261
_bM57 2015
090 0 4 _aPZ8.F261
_bM57 2015
100 1 _aFarrow, George Edward
245 1 0 _aThe missing prince
_h[electronic resource] /
_cGeorge Edward Farrow ; Illustrator Harry Furniss, Dorothy Furniss
260 _aİstanbul :
_bE-Kitap Projesi,
_c2015
300 _a226 p.
650 4 _aDil ve Edebiyat
650 4 _aLanguage and Literature
650 0 _aKısa hikayeler, Amerikan
650 0 _aShort stories, American
650 7 _aJUVENILE FICTION / General
_2bisacsh
700 1 _aFurniss, Harry
700 1 _aFurniss Dorothy
856 4 0 _uhttp://search.ebscohost.com/login.aspx?direct=true&scope=site&db=e011xww&AN=1256805
999 _c13603
_d13603